Get the Picture: France vs. Germany Quiz Stats

 Plays Quiz Updated Oct 20, 2019

Score 0/12 Timer 02:30
7 Plays Today
Question Answer Wrong Answers
Coastline length France
94.7%
Germany
4.4%
Annual tourists France
91.4%
Germany
5.2%
Number of islands France
84.6%
Germany
14.9%
GDP Germany
82.3%
France
14.3%
Population Germany
79.8%
France
20%
Per Capita Income Germany
77.4%
France
19.2%
Lowest Point Germany
75.4%
France
22.2%
HDI Rank (Human Development Index) Germany
73.5%
France
23.4%
Area France
64.4%
Germany
35.6%
Highest Point France
63%
Germany
35%
Life Expectancy France
38.9%
Germany
58.4%
No. of bordering countries France
21.2%
Germany
77.6%

Today's Daily Dose

Missing Word
Video Games (A-Z)

Get the Picture
Tom Hanks

You're not logged in!

Compare scores with friends on all Sporcle quizzes.
OR
Log In

Sporcle TV

Today on Sporcle TV


Watch our educational content, quiz creation guides, and fun videos on Sporcle TV.

Show Comments

Extras

Top Quizzes Today


Score Distribution

Your Account Isn't Verified!

In order to create a playlist on Sporcle, you need to verify the email address you used during registration. Go to your Sporcle Settings to finish the process.

Report this User

Report this user for behavior that violates our Community Guidelines.

Details: